Statistiques concernant Pays avec l'ambassade de France

Cliquez ici pour prendre le quiz!

Statistiques générales

  • Ce quiz a été pris 127 fois
  • Le résultat moyen est 117 sur 162

Statistiques - réponses

Pays avec ambassade de France% Correct
Canada
98%
Etats-Unis
97%
Algerie
96%
Russie
95%
Australie
94%
Mexique
94%
Argentine
92%
Japon
92%
Brésil
91%
Chine
91%
Portugal
90%
Albanie
89%
Allemagne
89%
Espagne
89%
Irlande
89%
Maroc
89%
Afrique du Sud
88%
Cuba
88%
Belgique
87%
Finlande
87%
Inde
87%
Italie
87%
Autriche
86%
Chili
86%
Egypte
86%
Perou
86%
Royaume-Uni
86%
Corée du Sud
85%
Estonie
85%
Suisse
85%
Uruguay
85%
Lituanie
84%
Nouvelle Zélande
84%
Republiqué democratique du Congo
84%
Republiqué du Congo
84%
Andorre
83%
Norvége
83%
Suede
83%
Danemark
82%
Iran
82%
Islande
82%
Israël
82%
Luxembourg
82%
Paraguay
82%
Tunisie
82%
Arabie saoudite
81%
Indonésie
81%
Lettonie
81%
Pakistan
81%
Pays-Bas
81%
Azerbaidjan
80%
Colombie
80%
Croatie
80%
Gréce
80%
Hongrie
80%
Irak
80%
Roumanie
80%
Serbie
80%
Slovaquie
80%
Slovenie
80%
Soudan
80%
Arménie
78%
Biélorussie
78%
Bulgarie
78%
Niger
78%
Turquie
78%
Ukraine
78%
Afghanistan
77%
Bolivie
77%
Georgie
77%
Honduras
77%
Pologne
77%
Venezuela
77%
Kenya
76%
Nigeria
76%
Panama
76%
Viêt-Nam
76%
Angola
75%
Senegal
75%
Kosovo
74%
Mali
74%
Monaco
74%
Guinée
73%
Kazakhstan
73%
Nepal
73%
Yemen
73%
Liban
72%
Qatar
72%
Bosnie-Herzégovine
71%
Cote d'Ivoire
71%
Libye
71%
Ouzbekistan
71%
Republiqué Tchèque
71%
Ethiopie
70%
Laos
70%
Macedoine
70%
Monténégro
70%
Turkmenistan
70%
Equateur
69%
Malte
69%
Mauritanie
69%
Tadjikistan
69%
Tanzanie
69%
Madagascar
68%
Nicaragua
68%
Tchad
68%
Chypre
67%
Costa Rica
67%
Malaisie
67%
Moldavie
67%
Oman
67%
Soudan du Sud
67%
Vatican City
67%
Zambie
67%
Mongolie
66%
Salvador
66%
Thailande
66%
Bénin
65%
Haïti
65%
Surinam
65%
Togo
65%
Zimbabwe
65%
Cambodge
63%
Guatemala
63%
Jordanie
63%
Namibie
63%
Rwanda
63%
Singapour
63%
Bangladesh
62%
Cameroun
62%
Ghana
62%
Djibouti
61%
Jamaïque
61%
Kirgizstan
61%
Mozambique
61%
Republiqué Dominicaine
61%
Philippines
60%
Sri Lanka
60%
Erythrée
59%
Gabon
59%
Bahrein
58%
Burkina
58%
Burundi
57%
Botswana
56%
Emirats arabes unis
56%
Ouganda
56%
Liberia
55%
Seychelles
55%
Koweït
54%
Comores
53%
Fidji
53%
Guinée Equatoriale
53%
Papouasie-Nouvelle-Guinée
53%
Cap-Vert
51%
Brunei
49%
Île Maurice
48%
Sainte-Lucie
41%
Trinite-et-Tobago
40%
Vanuatu
40%
Republiqué centrafricaine
33%
Myanmar
22%
Guinée-Bissao
4%

Distribution des résultats

Percentile par nombre de réponses

% des personnes avec chaque résultat

Votre développement - résultats

Vous n’avez pas pris ce quiz